Région de France à partir de spécialité culinaire - Carte Quiz - Statistiques

Statistiques générales
  • Ce quiz a été pris 94 fois
  • Le résultat moyen est 9 sur 18
Réponses sur la Carte
Les réponses sont colorées sur une échelle allant du rouge au vert en fonction du pourcentage des utilisateurs qui les ont devinées à leur premier essai. Vous pouvez retrouver ces pourcentages ci-dessous.
 
Statistiques - réponses
Réponse % Correct
Le Kouign Aman
83%
La Rillettes du mans
77%
Le Figatellu
74%
Les Canelés
63%
La Ratatouille
60%
Le Gratin dauphinois
60%
Le Baeckeoffe
59%
La Saucisse de Morteau
56%
L'Ail Rose de Lautrec
51%
L'Andouille de Vire
51%
Le Boudin créole
50%
La Tarte Tatin
41%
Le Grand Marnier
28%
Le Mataba
28%
Le Poulet boucané
28%
Le Bouillon d'awara
27%
Le Cari
23%
La Rabote
17%
Aucun quiz correspondant
Distribution des résultats
% des personnes avec chaque résultat
Percentile par nombre de réponses
Votre historique - résultats
Vous n’avez pas pris ce quiz